KOHA-Header-6

Corporate Finance (Record no. 1279)

000 -LEADER
fixed length control field 00319nam a2200133Ia 4500
008 - FIXED-LENGTH DATA ELEMENTS--GENERAL INFORMATION
fixed length control field 190723s9999 xx 000 0 und d
020 ## - INTERNATIONAL STANDARD BOOK NUMBER
International Standard Book Number 13:978-93-392-0312-2
100 ## - MAIN ENTRY--PERSONAL NAME
Personal name Stephen A.Ross
245 #0 - TITLE STATEMENT
Title Corporate Finance
250 ## - EDITION STATEMENT
Edition statement 10th
260 ## - PUBLICATION, DISTRIBUTION, ETC. (IMPRINT)
Place of publication, distribution, etc New Delhi
Name of publisher, distributor, etc MCGraw Hill
Date of publication, distribution, etc 2015
300 ## - PHYSICAL DESCRIPTION
Extent 1119
942 ## - ADDED ENTRY ELEMENTS (KOHA)
Koha item type Books
Holdings
Withdrawn status Lost status Source of classification or shelving scheme Damaged status Not for loan Collection code Permanent Location Current Location Shelving location Date acquired Full call number Barcode Date last seen Price effective from Koha item type
        Not For Loan Finance MAJU MAJU Shelf No.A38 REF 2019-07-23 658.15 7904 2019-07-23 2019-07-23 Finance

Powered by Koha